Music Quiz

Random Music or Song Quiz

3 Songs, 1 Missing Word II Quiz Stats

 Plays Quiz Updated Apr 6, 2016

Challenge
Share
Tweet
Embed
Score 0/33 Timer 05:00
37 Plays Today
% Correct
Name
96.5%
Shout
96.5%
Prayer
96.2%
Gold
96.2%
Dreams
96.2%
Heaven
95.8%
Cry
95.8%
Wild
95.7%
Started
95.7%
Eyes
95.6%
Girl
95.4%
Lips
95.2%
Fly
95.1%
Round
94.9%
London
94.7%
Sunshine
94.4%
Touch
94.4%
% Correct
Under
94.2%
Harder
93.9%
Move
93.7%
Lose
93.4%
One
92.8%
Boom
92.2%
Two
92%
Mama
91.6%
Black
91%
Try
90.7%
Candy
90.3%
Club
88.1%
Freak
87%
Run
86.4%
Time
85.8%
Anthem
84.3%

You're not logged in!

Compare scores with friends on all Sporcle quizzes.
Join for Free
OR
Log In

You Might Also Like...

Show Comments

Extras

Top Quizzes Today


Score Distribution

Your Account Isn't Verified!

In order to create a playlist on Sporcle, you need to verify the email address you used during registration. Go to your Sporcle Settings to finish the process.

Report this User

Report this user for behavior that violates our Community Guidelines.

Details: